00823nam a2200193Ia 4500001001000000003000500010008004100015010001100056040000900067100002800076245025700104260003500361300001000396502008700406650003000493650003500523650002100558710005000579Para_1173CHAP220125s1997 xx 000 0 und d a199899 cCHAP aPérez Pérez, Raquel aEvaluación de la eficacia del bioinsecticida a base de Beauveria bassiana (Bals.). Vuill, en el control de Acanthoscelides obtectus (Say). (Coleoptera :b Bruchidae), en condiciones de laboratorio en Chapingo, México /c por Raquel Pérez Pérez aChapingo, Méx. :b El autor a57 p. aTesis (Ing. Agr. Esp. en Parasitología Agrícola), UACh. Depto. Parasitología aAcanthoscelides obtectus  aControl biológico de plagas  aFrijol x plagas aUACh. Departamento Parasitología Agrícola